| 000 | 00467nam a2200181 a 4500 | ||
|---|---|---|---|
| 001 | 1778578638726 | ||
| 003 | YourLibrary | ||
| 005 | 20260512150839.0 | ||
| 008 | 260512s2010##################000#0#eng## | ||
| 020 | _a9781439176658 | ||
| 082 | 0 | 4 |
_a420.9 _bDUN |
| 100 | 1 |
_aDunton-Downer, Leslie, _eauthor. |
|
| 245 | 1 | 0 | _aThe English is Coming! : |
| 260 |
_bTouchstone, _c2010. |
||
| 650 | 0 | _aReference. | |
| 942 | _cENGLISH | ||
| 040 |
_aYourLibrary _beng _cYourLibrary |
||
| 999 |
_c623150 _d623150 |
||